Normal view
MARC view
- الخفاف، عبد علي، م.مشارك محمد احمد عقلة المومني
Entry Personal Name
001 - CONTROL NUMBER
- control field: 47260
003 - CONTROL NUMBER IDENTIFIER
- control field: JO-AjAnu
005 - DATE AND TIME OF LATEST TRANSACTION
- control field: 20230606081814.0
008 - FIXED-LENGTH DATA ELEMENTS
- fixed length control field: 230606|| aca||aabn | a|a d
040 ## - CATALOGING SOURCE
- Original cataloging agency: JO-AjAnu
- Transcribing agency: JO-AjAnu
100 ## - HEADING--PERSONAL NAME
- Personal name: الخفاف، عبد علي، م.مشارك محمد احمد عقلة المومني
670 ## - SOURCE DATA FOUND
- Source citation: Work cat.: (JO-AjAnu)24186: الخفاف، عبد علي، م.مشارك محمد احمد عقلة المومني, author, مدخل لجغرافية الوطن العربي